Hướng dẫn tổ chức thực hiện chương trình giáo dục mầm non Nhà trẻ (3 - 36 tháng)

Uloženo v:
Podrobná bibliografie
Hlavní autor: Trần, Thị Ngọc Trâm (Chủ biên)
Další autoři: Lê, Thu Hương (Đồng chủ biên), Lê, Thị Ánh Tuyết (Đồng chủ biên)
Médium: Kniha
Jazyk:Vietnamese
Vydáno: Hà Nội Giáo dục 2010
Vydání:Tái bản lần thứ nhất
Témata:
Tagy: Přidat tag
Žádné tagy, Buďte první, kdo otaguje tento záznam!
Thư viện lưu trữ: Trung tâm Học liệu Lê Vũ Hùng, Trường Đại học Đồng Tháp
LEADER 01147pam a22002778a 4500
001 00040080
005 20171110091121.0
008 171004s2010 ||||||viesd
041 0 # |a vie 
082 1 4 |a 372.21  |b H561D 
100 1 # |a Trần, Thị Ngọc Trâm  |e Chủ biên 
245 1 0 |a Hướng dẫn tổ chức thực hiện chương trình giáo dục mầm non  |b Nhà trẻ (3 - 36 tháng)  |c Trần Thị Ngọc Trâm, Lê Thu Hương, Lê Thị Ánh Tuyết (đồng ch.b.) 
250 # # |a Tái bản lần thứ nhất  |b Có chỉnh lí 
260 # # |a Hà Nội  |b Giáo dục  |c 2010 
300 # # |a 211 tr.  |b minh hoạ  |c 27 cm 
653 # # |a Chương trình 
653 # # |a Giáo dục 
653 # # |a Tổ chức 
653 # # |a Mầm non 
700 1 # |a Lê, Thu Hương  |e Đồng chủ biên 
700 1 # |a Lê, Thị Ánh Tuyết  |e Đồng chủ biên 
852 # # |b Kho mượn  |j KM.0021976 
852 # # |j KD.0021212  |j KM.0022320 
852 # # |b Kho đọc  |j KD.0021268 
910 |d 04/10/2017 
980 # # |a Trung tâm Học liệu Lê Vũ Hùng, Trường Đại học Đồng Tháp